01581nam a2200277 4500003000800000005001700008008004100025040003000066041000800096044000700104082001900111100004400130245014600174260002500320300004400345500003600389502018000425520056500605650002101170653001401191653001501205653002001220653001001240653001101250700004201261BOFEUTO20260512104507.0260504t2025 bo a gr 001 | spa d 6BOFEUTOaBOFEUTOcBOFEUTO aspa abo aTE6280bAp639r aAparicio Salinas, Andrea Fabianaeautor aRebranding para mejorar la imagen y posicionamiento del Hotel Terminal Oruro /cAndrea Fabina Aparicio Salinas, Mirko Iván Meneses Zambrana aOruro :bs/n,c2025. a100 hojas ;btabl., gráf. ;c28.5 cm. aIncluye bibliografía, anexos. aTesis Dirigida, (Licenciatura) -- Universidad Técnica de Oruro, Facultad de Ciencias Económicas, Financieras y Administrativas, Carrera Administración de Empresas, 2025. aEsta investigación es fundamental para el rubro hotelero de la ciudad de Oruro, centrándose en el análisis de la identidad corporativa y el posicionamiento de mercado. El estudio se desarrolla en un entorno globalizado y competitivo, buscando establecer un marco de acción inmediato para corregir errores de comunicación y reputación. El alcance se limita a la propuesta estratégica de renovación para el Hotel Terminal de Oruro, proyectando su implementación en el corte plazo para frenar la pérdida de visibilidad frente a la competencia. aAdministración aMarketing aRebranding aPosicionamiento aMarca aImagen aMeneses Zambrana, MIrko Ivánetutor